000 00308nam a22001337a 4500
008 170529b xxu||||| |||| 00| 0 eng d
020 _a3778515179
041 _ager
080 _a621.3
100 _a27
101 _aIM
245 _aDIGITALE REGELUNG ELEKTRISCHER ANTRIEBE
_cSCHONFELD,R
942 _2udc
_cBK
999 _c14714
_d14714